000 00427nam a22001697a 4500
005 20160627100419.0
008 160627b xxu||||| |||| 00| 0 eng d
020 _a978-81-259-3700-5
041 _aeng
082 _b10365
100 _aChaudhuri, Arindam
_92852
245 _aDiscover the Diamond in You
260 _aNew Delhi
_bVikas Publishing House (P) Ltd.
300 _a109
650 _aManagement
_9241
942 _cBK
999 _c4130
_d4129